{"text_format":"3","workbook":"xlsx","n_sheets":1,"sheets":["t21"],"read":"whole","date_system":"1900"}

{"sheet":"t21","index":0,"n_rows":165,"n_cols":7,"rows_kept":165,"merged":[[0,0,0,6],[30,0,30,5],[41,0,41,5],[142,0,142,5]]}
["TABELA 21.1 - Estatísticas Agrícolas, Município de Américo de Campos, Estado de São Paulo, 2007/08."]
["ITEM","UNIDADE","N.DE UPAs","MÍNIMO","MÉDIO","MÁXIMO","TOTAL"]
["Distância à sede do município","km",514,0.1,{"v":6.58,"d":"6.6"},{"v":22,"d":"22.0"},"-"]
["Área total","hectare",514,0.8,{"v":55.93,"d":"55.9"},{"v":8628.5,"d":"8,628.5"},{"v":28748.3,"d":"28,748.3"}]
["Área com cultura perene","hectare",102,0.2,{"v":10.78,"d":"10.8"},86.3,{"v":1099.4,"d":"1,099.4"}]
["Área com cultura temporária","hectare",185,0.2,{"v":39.91,"d":"39.9"},{"v":3532.2,"d":"3,532.2"},{"v":7383.1,"d":"7,383.1"}]
["Área com pastagem","hectare",463,0.3,{"v":34.47,"d":"34.5"},{"v":2964,"d":"2,964.0"},{"v":15958.1,"d":"15,958.1"}]
["Área com reflorestamento","hectare",58,0.1,{"v":2.41,"d":"2.4"},33.2,139.7]
["Área com vegetação natural","hectare",198,0.1,9.4,{"v":1006.9,"d":"1,006.9"},{"v":1861.2,"d":"1,861.2"}]
["Área com vegetação de brejo e várzea","hectare",385,0.1,{"v":4.48,"d":"4.5"},856.3,{"v":1726.1,"d":"1,726.1"}]
["Área em descanso","hectare",6,0.6,15.7,{"v":78,"d":"78.0"},94.2]
["Área complementar","hectare",388,0.1,{"v":1.25,"d":"1.3"},212.9,486.5]
["Área das UPAs com (0, 1] ha","hectare",1,0.8,0.8,0.8,0.8]
["Área das UPAs com (1, 2] ha","hectare",6,1.2,{"v":1.35,"d":"1.4"},1.8,8.1]
["Área das UPAs com (2, 5] ha","hectare",45,2.4,{"v":3.73,"d":"3.7"},{"v":5,"d":"5.0"},167.8]
["Área das UPAs com (5, 10] ha","hectare",72,5.1,{"v":7.98,"d":"8.0"},{"v":10,"d":"10.0"},574.4]
["Área das UPAs com (10, 20] ha","hectare",143,10.1,{"v":14.46,"d":"14.5"},{"v":20,"d":"20.0"},{"v":2067.7,"d":"2,067.7"}]
["Área das UPAs com (20, 50] ha","hectare",151,20.2,{"v":31.06,"d":"31.1"},49.6,{"v":4690.3,"d":"4,690.3"}]
["Área das UPAs com (50, 100] ha","hectare",49,50.8,{"v":69.76,"d":"69.8"},99.2,{"v":3418.2,"d":"3,418.2"}]
["Área das UPAs com (100, 200] ha","hectare",34,101.6,{"v":135.57,"d":"135.6"},191.8,{"v":4609.3,"d":"4,609.3"}]
["Área das UPAs com (200, 500] ha","hectare",11,216.7,{"v":340.75,"d":"340.8"},{"v":484,"d":"484.0"},{"v":3748.3,"d":"3,748.3"}]
["Área das UPAs com (500, 1.000] ha","hectare",1,834.9,834.9,834.9,834.9]
["Área das UPAs com (1.000, 2.000] ha","hectare","-","-","-","-","-"]
["Área das UPAs com (2.000, 5.000] ha","hectare","-","-","-","-","-"]
["Área das UPAs com (5.000, 10.000] ha","hectare",1,{"v":8628.5,"d":"8,628.5"},{"v":8628.5,"d":"8,628.5"},{"v":8628.5,"d":"8,628.5"},{"v":8628.5,"d":"8,628.5"}]
["Área das UPAs acima de 10.000 ha","hectare","-","-","-","-","-"]
["Familiares do proprietário que trabalham na UPA","unidade",431,{"v":1,"d":"1.0"},{"v":1.27,"d":"1.3"},{"v":6,"d":"6.0"},{"v":547,"d":"547.0"}]
["Trabalhadores permanentes","unidade",78,{"v":1,"d":"1.0"},{"v":1.88,"d":"1.9"},{"v":46,"d":"46.0"},{"v":147,"d":"147.0"}]
["Fonte: Secretaria de Agricultura e Abastecimento, CDRS/IEA, Projeto LUPA."]
[]
["TABELA 21.2 - Explorações Animais, Município de Américo de Campos, Estado de São Paulo, 2007/08."]
["ITEM","UNIDADE","N.DE UPAs","MÍNIMO","MÉDIO","MÁXIMO","TOTAL"]
["Avicultura de Corte","cabeças/ano",2,{"v":20000,"d":"20,000.0"},{"v":20300,"d":"20,300.0"},{"v":20600,"d":"20,600.0"},{"v":40600,"d":"40,600.0"}]
["Bovinocultura de Corte","cabeças",95,{"v":2,"d":"2.0"},{"v":164.66,"d":"164.7"},{"v":7209,"d":"7,209.0"},{"v":15643,"d":"15,643.0"}]
["Bovinocultura Leiteira","cabeças",51,{"v":2,"d":"2.0"},{"v":46.92,"d":"46.9"},{"v":220,"d":"220.0"},{"v":2393,"d":"2,393.0"}]
["Bovinocultura Mista","cabeças",256,{"v":1,"d":"1.0"},{"v":42.91,"d":"42.9"},{"v":750,"d":"750.0"},{"v":10985,"d":"10,985.0"}]
["Equinocultura","cabeças",4,{"v":1,"d":"1.0"},2.5,{"v":7,"d":"7.0"},{"v":10,"d":"10.0"}]
["Ovinocultura","cabeças",4,{"v":20,"d":"20.0"},{"v":35,"d":"35.0"},{"v":70,"d":"70.0"},{"v":140,"d":"140.0"}]
["Suinocultura","cabeças",4,{"v":15,"d":"15.0"},{"v":25.75,"d":"25.8"},{"v":40,"d":"40.0"},{"v":103,"d":"103.0"}]
["Fonte: Secretaria de Agricultura e Abastecimento, CDRS/IEA, Projeto LUPA."]
[]
["TABELA 21.3 -  Máquinas, Implementos e Benfeitorias, Município de Américo de Campos, Estado de São Paulo, 2007/08."]
["ITEM","UNIDADE","N.DE UPAs","MÍNIMO","MÉDIO","MÁXIMO","TOTAL"]
["Arado Comum (Bacia, Aiveca)","Unidade",67,{"v":1,"d":"1.0"},{"v":1.13,"d":"1.1"},{"v":4,"d":"4.0"},{"v":76,"d":"76.0"}]
["Arado Escarificador","Unidade",7,{"v":1,"d":"1.0"},{"v":1.29,"d":"1.3"},{"v":3,"d":"3.0"},{"v":9,"d":"9.0"}]
["Arado Subsolador","Unidade",8,{"v":1,"d":"1.0"},{"v":1,"d":"1.0"},{"v":1,"d":"1.0"},{"v":8,"d":"8.0"}]
["Câmara Fria","Unidade",2,{"v":1,"d":"1.0"},{"v":1,"d":"1.0"},{"v":1,"d":"1.0"},{"v":2,"d":"2.0"}]
["Carregadeira de Cana","Unidade",26,{"v":1,"d":"1.0"},{"v":1.23,"d":"1.2"},{"v":5,"d":"5.0"},{"v":32,"d":"32.0"}]
["Colhedeira Acoplada","Unidade",3,{"v":1,"d":"1.0"},{"v":1.33,"d":"1.3"},{"v":2,"d":"2.0"},{"v":4,"d":"4.0"}]
["Colhedeira Automotriz","Unidade",1,{"v":1,"d":"1.0"},{"v":1,"d":"1.0"},{"v":1,"d":"1.0"},{"v":1,"d":"1.0"}]
["Conj.Irrigação Convencional","Unidade",4,{"v":1,"d":"1.0"},{"v":1,"d":"1.0"},{"v":1,"d":"1.0"},{"v":4,"d":"4.0"}]
["Conj.Irrigação Pivot Central","Unidade",1,{"v":1,"d":"1.0"},{"v":1,"d":"1.0"},{"v":1,"d":"1.0"},{"v":1,"d":"1.0"}]
["Conjunto de Fenação","Unidade",1,{"v":1,"d":"1.0"},{"v":1,"d":"1.0"},{"v":1,"d":"1.0"},{"v":1,"d":"1.0"}]
["Desintegrador de Palha (Plantio Direto)","Unidade",3,{"v":1,"d":"1.0"},{"v":1,"d":"1.0"},{"v":1,"d":"1.0"},{"v":3,"d":"3.0"}]
["Desintegrador, Picador, Triturador","Unidade",151,{"v":1,"d":"1.0"},{"v":1.27,"d":"1.3"},{"v":4,"d":"4.0"},{"v":192,"d":"192.0"}]
["Distribuidor de Calcário","Unidade",21,{"v":1,"d":"1.0"},{"v":1.38,"d":"1.4"},{"v":7,"d":"7.0"},{"v":29,"d":"29.0"}]
["Ensiladeira","Unidade",20,{"v":1,"d":"1.0"},1.1,{"v":2,"d":"2.0"},{"v":22,"d":"22.0"}]
["Grade Aradora (Tipo Romi)","Unidade",32,{"v":1,"d":"1.0"},{"v":1.16,"d":"1.2"},{"v":6,"d":"6.0"},{"v":37,"d":"37.0"}]
["Grade Niveladora","Unidade",65,{"v":1,"d":"1.0"},{"v":1.17,"d":"1.2"},{"v":6,"d":"6.0"},{"v":76,"d":"76.0"}]
["Implementos para Tração Animal","Unidade",3,{"v":2,"d":"2.0"},{"v":3,"d":"3.0"},{"v":4,"d":"4.0"},{"v":9,"d":"9.0"}]
["Microtrator","Unidade",1,{"v":1,"d":"1.0"},{"v":1,"d":"1.0"},{"v":1,"d":"1.0"},{"v":1,"d":"1.0"}]
["Misturador de Ração","Unidade",2,{"v":1,"d":"1.0"},2.5,{"v":4,"d":"4.0"},{"v":5,"d":"5.0"}]
["Ordenhadeira Mecânica","Unidade",4,{"v":1,"d":"1.0"},{"v":1,"d":"1.0"},{"v":1,"d":"1.0"},{"v":4,"d":"4.0"}]
["Pulverizador Tratorizado","Unidade",23,{"v":1,"d":"1.0"},{"v":1.57,"d":"1.6"},{"v":9,"d":"9.0"},{"v":36,"d":"36.0"}]
["Resfriador de Leite, Tanque Expansão","Unidade",7,{"v":1,"d":"1.0"},{"v":1,"d":"1.0"},{"v":1,"d":"1.0"},{"v":7,"d":"7.0"}]
["Semeadeira/Adubadeira para Plantio Convencional","Unidade",29,{"v":1,"d":"1.0"},{"v":1.14,"d":"1.1"},{"v":2,"d":"2.0"},{"v":33,"d":"33.0"}]
["Semeadeira/Plantadeira Plantio Direto","Unidade",1,{"v":1,"d":"1.0"},{"v":1,"d":"1.0"},{"v":1,"d":"1.0"},{"v":1,"d":"1.0"}]
["Terraceador","Unidade",3,{"v":1,"d":"1.0"},{"v":1,"d":"1.0"},{"v":1,"d":"1.0"},{"v":3,"d":"3.0"}]
["Trator de Pneus","Unidade",108,{"v":1,"d":"1.0"},{"v":1.48,"d":"1.5"},{"v":20,"d":"20.0"},{"v":160,"d":"160.0"}]
["Açude/Represa","Unidade",142,{"v":1,"d":"1.0"},{"v":1.64,"d":"1.6"},{"v":10,"d":"10.0"},{"v":233,"d":"233.0"}]
["Almoxarifado/Oficina","Unidade",1,{"v":1,"d":"1.0"},{"v":1,"d":"1.0"},{"v":1,"d":"1.0"},{"v":1,"d":"1.0"}]
["Armazém para Grãos Ensacados","Sacas",6,{"v":1,"d":"1.0"},{"v":1.33,"d":"1.3"},{"v":3,"d":"3.0"},{"v":8,"d":"8.0"}]
["Balança para Bovinos","Unidade",3,{"v":1,"d":"1.0"},{"v":1,"d":"1.0"},{"v":1,"d":"1.0"},{"v":3,"d":"3.0"}]
["Balança para Veículos","Unidade",2,{"v":1,"d":"1.0"},{"v":1,"d":"1.0"},{"v":1,"d":"1.0"},{"v":2,"d":"2.0"}]
["Barracão para Granja/Avicultura","Unidade",4,{"v":1,"d":"1.0"},{"v":1,"d":"1.0"},{"v":1,"d":"1.0"},{"v":4,"d":"4.0"}]
["Barracão/Galpão/Garagem","Unidade",81,{"v":1,"d":"1.0"},{"v":1.16,"d":"1.2"},{"v":4,"d":"4.0"},{"v":94,"d":"94.0"}]
["Casa de Moradia Habitada","Unidade",236,{"v":1,"d":"1.0"},{"v":1.39,"d":"1.4"},{"v":38,"d":"38.0"},{"v":327,"d":"327.0"}]
["Casa de Moradia Total","Unidade",286,{"v":1,"d":"1.0"},{"v":1.43,"d":"1.4"},{"v":40,"d":"40.0"},{"v":409,"d":"409.0"}]
["Curral/Mangueira","Unidade",296,{"v":1,"d":"1.0"},{"v":1.03,"d":"1.0"},{"v":4,"d":"4.0"},{"v":306,"d":"306.0"}]
["Depósito/Tulha","Unidade",200,{"v":1,"d":"1.0"},{"v":1.15,"d":"1.2"},{"v":3,"d":"3.0"},{"v":229,"d":"229.0"}]
["Engenho","Unidade",1,{"v":1,"d":"1.0"},{"v":1,"d":"1.0"},{"v":1,"d":"1.0"},{"v":1,"d":"1.0"}]
["Fábrica de Ração","Unidade",2,{"v":1,"d":"1.0"},{"v":1,"d":"1.0"},{"v":1,"d":"1.0"},{"v":2,"d":"2.0"}]
["Instalações para Equinos","Unidade",1,{"v":1,"d":"1.0"},{"v":1,"d":"1.0"},{"v":1,"d":"1.0"},{"v":1,"d":"1.0"}]
["Máquina de Benefício","Unidade",1,{"v":1,"d":"1.0"},{"v":1,"d":"1.0"},{"v":1,"d":"1.0"},{"v":1,"d":"1.0"}]
["Pocilga","Unidade",42,{"v":1,"d":"1.0"},{"v":1.12,"d":"1.1"},{"v":4,"d":"4.0"},{"v":47,"d":"47.0"}]
["Poço Semi-Artesiano","Unidade",70,{"v":1,"d":"1.0"},1.1,{"v":5,"d":"5.0"},{"v":77,"d":"77.0"}]
["Posto Meteorológico","Unidade",1,{"v":1,"d":"1.0"},{"v":1,"d":"1.0"},{"v":1,"d":"1.0"},{"v":1,"d":"1.0"}]
["Secador de Grãos","Unidade",1,{"v":1,"d":"1.0"},{"v":1,"d":"1.0"},{"v":1,"d":"1.0"},{"v":1,"d":"1.0"}]
["Silo para Grãos","t",1,{"v":4,"d":"4.0"},{"v":4,"d":"4.0"},{"v":4,"d":"4.0"},{"v":4,"d":"4.0"}]
["Silo para Silagem","t",4,{"v":1,"d":"1.0"},{"v":68.25,"d":"68.3"},{"v":150,"d":"150.0"},{"v":273,"d":"273.0"}]
["Terreiro","m²",52,{"v":1,"d":"1.0"},{"v":119.44,"d":"119.4"},{"v":500,"d":"500.0"},{"v":6211,"d":"6,211.0"}]
["Fonte: Secretaria de Agricultura e Abastecimento, CDRS/IEA, Projeto LUPA."]
[]
["TABELA 21.4 - Outras Estatísticas Agrícolas, Município de Américo de Campos, Estado de São Paulo, 2007/08."]
["ITEM","Número de UPAs",null,"Percentual"]
["Faz Parte de Associação de Produtores",98,null,{"v":19.06614785992218,"d":"19.1"}]
["Faz Parte de Cooperativa de Produtores",10,null,{"v":1.945525291828794,"d":"1.9"}]
["Faz Parte do Sindicato de Produtores",5,null,{"v":0.972762645914397,"d":"1.0"}]
["Não utiliza assistência técnica ",126,null,{"v":24.513618677042803,"d":"24.5"}]
["Utiliza somente assistência técnica governamental ",365,null,{"v":71.01167315175097,"d":"71.0"}]
["Utiliza somente assistência técnica privada ",16,null,{"v":3.11284046692607,"d":"3.1"}]
["Utiliza assistência técnica tanto governamental quanto privada",7,null,{"v":1.3618677042801557,"d":"1.4"}]
["Utiliza Crédito Rural",22,null,{"v":4.280155642023346,"d":"4.3"}]
["Utiliza Seguro Rural",5,null,{"v":0.972762645914397,"d":"1.0"}]
["Utiliza Escrituração Agrícola",16,null,{"v":3.11284046692607,"d":"3.1"}]
["Acessa Internet p/ Fins na Agropecuária",6,null,{"v":1.1673151750972763,"d":"1.2"}]
["Utiliza Computador nas Atividades Agropecuárias",11,null,{"v":2.140077821011673,"d":"2.1"}]
["Utiliza Energia Elétrica Para Uso na Atividade Agrícola",426,null,{"v":82.8793774319066,"d":"82.9"}]
["Realiza Análise de Solo, quando necessário",205,null,{"v":39.88326848249027,"d":"39.9"}]
["Utiliza Práticas de Conservação de Solo, quando necessário",319,null,{"v":62.06225680933852,"d":"62.1"}]
["Faz Adubação Mineral, quando necessário",186,null,{"v":36.18677042801556,"d":"36.2"}]
["Faz Adubação Orgânica, quando necessário",22,null,{"v":4.280155642023346,"d":"4.3"}]
["Faz Adubação Verde, quando necessário",7,null,{"v":1.3618677042801557,"d":"1.4"}]
["Utiliza Manejo Integrado de Pragas (MIP)",1,null,{"v":0.19455252918287938,"d":"0.2"}]
["Utiliza Hidroponia","-",null,"-"]
["Utiliza Plasticultura","-",null,"-"]
["Utiliza Mudas Fiscalizadas",64,null,{"v":12.45136186770428,"d":"12.5"}]
["Utiliza Semente Melhorada",66,null,{"v":12.840466926070038,"d":"12.8"}]
["Faz Confinamento de Bovinos",2,null,{"v":0.38910505836575876,"d":"0.4"}]
["Utiliza Pastejo Intensivo",17,null,{"v":3.307392996108949,"d":"3.3"}]
["Faz Inseminação Artificial",12,null,{"v":2.3346303501945527,"d":"2.3"}]
["Faz Mineralização do Rebanho",342,null,{"v":66.53696498054474,"d":"66.5"}]
["Faz Vermifugação do Rebanho",341,null,{"v":66.34241245136187,"d":"66.3"}]
["Possui Parceiros /Arrendatários na Exploração Animal",34,null,{"v":6.614785992217898,"d":"6.6"}]
["Esporte e lazer","-",null,"-"]
["Extração mineral","-",null,"-"]
["Hotel Fazenda, Pousada ou SPA","-",null,"-"]
["Pesque-pague",1,null,{"v":0.19455252918287938,"d":"0.2"}]
["Restaurante ou Lanchonete","-",null,"-"]
["Transformação artesanal","-",null,"-"]
["Turismo rural ou ecoturismo","-",null,"-"]
["Outras atividades econômicas rurais","-",null,"-"]
["Agroindústria","-",null,"-"]
["Proprietário sem instrução ou com instrução incompleta",54,null,{"v":10.505836575875488,"d":"10.5"}]
["Proprietário com antigo primário completo",174,null,{"v":33.85214007782101,"d":"33.9"}]
["Proprietário com 1° grau (ou antigo ginasial) completo",69,null,{"v":13.424124513618677,"d":"13.4"}]
["Proprietário com 2° grau (ou antigo colegial) completo",106,null,{"v":20.622568093385215,"d":"20.6"}]
["Proprietário com curso superior completo ",108,null,{"v":21.011673151750976,"d":"21.0"}]
["Pessoa Jurídica",3,null,{"v":0.5836575875486382,"d":"0.6"}]
["Proprietário residente na própria UPA ",92,null,{"v":17.898832684824903,"d":"17.9"}]
["Fonte: Secretaria de Agricultura e Abastecimento, CDRS/IEA, Projeto LUPA."]
[]
["TABELA 21.5 - Área Cultivada, Município de Américo de Campos, Estado de São Paulo, 2007/08."]
["CULTURA","N.DE UPAs","MÍNIMO","MÉDIO","MÁXIMO","TOTAL"]
["Braquiaria",461,0.3,{"v":34.52,"d":"34.5"},{"v":2964,"d":"2,964.0"},{"v":15914.6,"d":"15,914.6"}]
["Cana-de-acucar",130,0.1,{"v":48.75,"d":"48.8"},{"v":3532.2,"d":"3,532.2"},{"v":6337.6,"d":"6,337.6"}]
["Milho",89,0.6,{"v":11.64,"d":"11.6"},96.8,{"v":1035.9,"d":"1,035.9"}]
["Seringueira",39,2.2,{"v":13.31,"d":"13.3"},60.3,519.1]
["Laranja",27,{"v":2,"d":"2.0"},{"v":15.73,"d":"15.7"},64.2,424.7]
["Eucalipto",58,0.1,{"v":2.41,"d":"2.4"},33.2,139.7]
["Cafe",39,0.1,{"v":2.12,"d":"2.1"},7.2,82.8]
["Manga",10,1.2,{"v":3.49,"d":"3.5"},7.2,34.9]
["Banana",2,2.4,{"v":12.35,"d":"12.4"},22.3,24.7]
["Coloniao",3,2.4,8.2,11.5,24.6]
["Gramas",2,2.4,{"v":8.35,"d":"8.4"},14.3,16.7]
["Sorgo",1,7.2,7.2,7.2,7.2]
["Limao",2,2.4,2.4,2.4,4.8]
["Amora (ou amora-preta)",1,3.6,3.6,3.6,3.6]
["Coco-da-baia",1,2.4,2.4,2.4,2.4]
["Tangerina",1,2.4,2.4,2.4,2.4]
["Capim-napier (ou capim-elefante)",2,{"v":1,"d":"1.0"},1.1,1.2,2.2]
["Horta domestica",1,1.2,1.2,1.2,1.2]
["Milho-doce",1,1.2,1.2,1.2,1.2]
["Feijao-vagem (ou vagem, ou feijao-verde)",1,1.2,1.2,1.2,1.2]
["Fonte: Secretaria de Agricultura e Abastecimento, CDRS/IEA, Projeto LUPA."]